A short guide to writing about biology / (Record no. 1206)

000 -LEADER
fixed length control field 01049cam a2200277 a 4500
003 - CONTROL NUMBER IDENTIFIER
control field OSt
005 - DATE AND TIME OF LATEST TRANSACTION
control field 20210624093200.0
008 - FIXED-LENGTH DATA ELEMENTS--GENERAL INFORMATION
fixed length control field 210624b ||||| |||| 00| 0 eng d
020 ## - INTERNATIONAL STANDARD BOOK NUMBER
International Standard Book Number 9780205667277
020 ## - INTERNATIONAL STANDARD BOOK NUMBER
International Standard Book Number 0205667279
040 ## - CATALOGING SOURCE
Transcribing agency ALUPE UNIVERSITY
050 00 - LIBRARY OF CONGRESS CALL NUMBER
Classification number QH304
Item number .P43 2010
100 1# - MAIN ENTRY--PERSONAL NAME
Personal name Pechenik, Jan A.
Authority record control number or standard number http://id.loc.gov/authorities/names/n84217681
245 12 - TITLE STATEMENT
Title A short guide to writing about biology /
Statement of responsibility, etc. Jan A. Pechenik.
250 ## - EDITION STATEMENT
Edition statement 7th ed.
260 ## - PUBLICATION, DISTRIBUTION, ETC.
Place of publication, distribution, etc. New York :
Name of publisher, distributor, etc. Longman,
Date of publication, distribution, etc. c2010.
300 ## - PHYSICAL DESCRIPTION
Extent xvi, 288 p. :
Other physical details ill. ;
Dimensions 22 cm.
504 ## - BIBLIOGRAPHY, ETC. NOTE
Bibliography, etc. note Includes bibliographical references (p. 279-280) and index.
650 #0 - SUBJECT ADDED ENTRY--TOPICAL TERM
Topical term or geographic name entry element Biology
Authority record control number or standard number http://id.loc.gov/authorities/subjects/sh85014203
General subdivision Authorship.
Authority record control number or standard number http://id.loc.gov/authorities/subjects/sh00006049
650 #0 - SUBJECT ADDED ENTRY--TOPICAL TERM
Topical term or geographic name entry element Report writing.
Authority record control number or standard number http://id.loc.gov/authorities/subjects/sh85112926
830 #0 - SERIES ADDED ENTRY--UNIFORM TITLE
Authority record control number or standard number http://id.loc.gov/authorities/names/n86741611
942 ## - ADDED ENTRY ELEMENTS (KOHA)
Source of classification or shelving scheme
Koha item type Book
Suppress in OPAC DO
Holdings
Withdrawn status Lost status Source of classification or shelving scheme Damaged status Not for loan Permanent Location Current Location Shelving location Date acquired Total Checkouts Full call number Barcode Date last seen Price effective from Koha item type Public note Source of acquisition Copy number
          AU LIBRARY AU LIBRARY Open Shelf 24.06.2021   QH304 .P43 2010 28000470 24.06.2021 24.06.2021 Book DO    
          AU LIBRARY AU LIBRARY Open Shelf 15.09.2022   QH304 .P43 2010 C2 28008284 15.09.2022 15.09.2022 Book SO DONATION FROM MOI UNIVERSITY 2

Powered by Koha